000 00521nam a2200205Ia 4500
008 180523s9999 xx 000 0 und d
020 _a81-7141-753-1
050 _aMAIN QH 545.A1
050 _b.Y33 2004
100 _aYadav, P.R.
245 0 _aEnvironmental ecology /
245 0 _cP.R. Yadav, Shubhrata R. Mishra.
260 _aNew Delhi :
260 _bDiscovery Publishing House
260 _c2004
300 _a356 pages :
300 _billustrations ;
300 _c21 cm.
650 _aEcology.
999 _c357571
_d357571